Cargando…

Procopius of Caesarea : Tyranny, History, and Philosophy at the End of Antiquity /

Detalles Bibliográficos
Clasificación:Libro Electrónico
Autor principal: Kaldellis, Anthony
Formato: Electrónico eBook
Idioma:Inglés
Publicado: Philadelphia : University of Pennsylvania Press, 2004.
Colección:Book collections on Project MUSE.
Temas:
Acceso en línea:Texto completo

MARC

LEADER 00000cam a22000004a 4500
001 musev2_3598
003 MdBmJHUP
005 20230905040441.0
006 m o d
007 cr||||||||nn|n
008 031223s2004 pau o 00 0 eng d
010 |z  2003070518 
020 |a 9780812202410 
020 |z 9780812237870 
035 |a (OCoLC)607138025 
040 |a MdBmJHUP  |c MdBmJHUP 
050 0 4 |a DF505.7.P7  |b K35 2004 
082 0 |a 907.202 
100 1 |a Kaldellis, Anthony. 
245 1 0 |a Procopius of Caesarea :   |b Tyranny, History, and Philosophy at the End of Antiquity /   |c Anthony Kaldellis. 
264 1 |a Philadelphia :  |b University of Pennsylvania Press,  |c 2004. 
264 3 |a Baltimore, Md. :  |b Project MUSE,   |c 2012 
264 4 |c ©2004. 
300 |a 1 online resource (320 pages). 
336 |a text  |b txt  |2 rdacontent 
337 |a computer  |b c  |2 rdamedia 
338 |a online resource  |b cr  |2 rdacarrier 
504 |a Includes bibliographical references (p. [275]-298) and index. 
588 |a Description based on print version record. 
600 0 0 |a Procopius. 
655 7 |a Electronic books.   |2 local 
710 2 |a Project Muse.  |e distributor 
830 0 |a Book collections on Project MUSE. 
856 4 0 |z Texto completo  |u https://projectmuse.uam.elogim.com/book/3598/ 
945 |a Project MUSE - Custom Collection 
945 |a Project MUSE - Archive Complete Foundation 
945 |a Project MUSE - Archive Classical Studies Foundation